000 00669nam a22002057a 4500
005 20170825142502.0
010 _aENG-120077
020 _c700.00
_a9788181714220
035 _aEN-103609
037 _bDBAD/PUB
082 _a519.05
100 _aSinha, B.
245 _aA catalogue of pisces in the collection of the Arunachal Pradesh regional centre /
_cby B. Sinha [and] L.Tamang
260 _aKolkata
_bZoological Survey of India
_c2015
270 _aM-Block, New Alipore,
_bKolkata
_e700053
300 _a107p. :
_c24cm(pbk)
_bill.(col. plate-4)
500 _aIncludes references
700 _a Tamang, L.
942 _2ddc
_cEN
_h591.05
_mSIN
999 _c143830
_d143830